000 00633nam a2200229Ia 4500
003 OSt
005 20220918200854.0
006 a|||||r|||| 00| 0
007 ta
008 220917b |||||||| |||| 00| 0 eng d
024 _a90,623
037 _cTextual
040 _aARTS
_cARTS
_beng
041 _2eng
_aeng
082 _aU671J.4498.N5, K2
100 _aWikkramatileke Rudolph
_995853
245 0 _aSoutheast Ceylon
_b trends and problems in agricultural settlement
260 _c1962
650 _aGEOGRAPHY
942 _hU671J.4498.N5, K2
_cTEXL
_2CC
999 _c214284
_d214284